banner koha

Sensory and microbiological evaluation of uncured fresh chicken sausage with reduced fat content (Registro n. 231812)

MARC details
000 -LÍDER
campo de controle de tamanho fixo 00928nas a2200289 4500
001 - NÚMERO DE CONTROLE
campo de controle BR2013007832
003 - IDENTIFICADOR DO NÚMERO DE CONTROLE
campo de controle BR-BrBNA
005 - DATA E HORÁRIO DA ÚLTIMA TRANSAÇÃO
campo de controle 20231205123025.0
007 - CAMPO FIXO DE DESCRIÇÃO FÍSICA--INFORMAÇÃO GERAL
campo de controle de tamanho fixo ta
008 - CAMPO DE DADOS FIXOS--INFORMAÇÃO GERAL
campo de controle de tamanho fixo 230509b bl.|||p| |||| 00| 00por d
040 ## - FONTE DA CATALOGAÇÃO
Instituição da catalogação original BR-BrBNA
Idioma da catalogação por
Instituição que transcreveu o registro Biblioteca Nacional de Agricultura
041 ## - CÓDIGO DE IDIOMA
Código do idioma do texto/trilha sonora ou título diferente (En)
072 ## - CÓDIGO DE CATEGORIA DE ASSUNTO
Código de Categoria de Assunto Q04; Q03
100 1# - ENTRADA PRINCIPAL--NOME PESSOAL
Nome pessoal Venturini, A.C.
100 1# - ENTRADA PRINCIPAL--NOME PESSOAL
Nome pessoal Cavenaghi, A.D.
100 1# - ENTRADA PRINCIPAL--NOME PESSOAL
Nome pessoal Castillo, C.J.C.
100 1# - ENTRADA PRINCIPAL--NOME PESSOAL
Nome pessoal Quiñones, E.M.
245 1# - TÍTULO
Título Sensory and microbiological evaluation of uncured fresh chicken sausage with reduced fat content
650 ## - ASSUNTO--TERMO TÓPICO
Cabeçalho tópico ou nome geográfico LINGUIÇA
650 ## - ASSUNTO--TERMO TÓPICO
Cabeçalho tópico ou nome geográfico ANÁLISE ORGANOLÉPTICA
650 ## - ASSUNTO--TERMO TÓPICO
Cabeçalho tópico ou nome geográfico GORDURA
650 ## - ASSUNTO--TERMO TÓPICO
Cabeçalho tópico ou nome geográfico COR
773 0# - ENTRADA ANALÍTICA
Título Ciência e Tecnologia de Alimentos (Brazil)
ISSN - International Standard Serial Number ISSN 1678-457X
Partes relacionadas (Jul-Sep 2011), v. 31(3) p. 629-634
Número de controle do registro BR2013007832
856 40 - LOCALIZAÇÃO ELETRÔNICA E ACESSO
Uniform Resource Identifier <a href="http://www.scielo.br/pdf/cta/v31n3/a12v31n3.pdf">http://www.scielo.br/pdf/cta/v31n3/a12v31n3.pdf</a>
909 ## -
-- 202311
-- Lúcia
-- 55
-- Lúcia Elande
942 ## - ELEMENTOS DE ENTRADA ADICIONADOS (KOHA)
Fonte da classificação ou esquema de arquivamento na estante Classificação AGRIS
Ocultar no OPAC Não
Tipo de material Koha Analítica
Exemplares
Situação do descarte Fonte da classificação ou esquema de arquivamento na estante Situação física Não pode ser emprestado Biblioteca de origem Biblioteca atual Localização na estante Enumeração do periódico / cronologia Total de empréstimos Data de último acesso Número do exemplar Tipo de material Koha Fonte de aquisição
  Classificação AGRIS   Consulta local Biblioteca Nacional de Agricultura - Binagri Biblioteca Nacional de Agricultura - Binagri   (Jul-Sep 2011), v. 31(3) p. 629-634   29/11/2023 01 Periódicos Portaria Interministerial nº 164/94

BINAGRI

Telefone: (61)3218-2567/2388/3357/2097 - binagri@agro.gov.br

Ministério da Agricultura e Pecuária , Esplanada dos Ministérios, Bloco D, Anexo B, Brasília/DF, CEP: 70.043-900